|
|
|
|
| LEADER |
00000nam0a2200000 4500 |
| 001 |
109600 |
| 005 |
20231101214900.0 |
| 035 |
|
|
|a (RuTPU)RU\TPU\book\118360
|
| 090 |
|
|
|a 109600
|
| 100 |
|
|
|a 20070209d2006 km y0rusy50 ca
|
| 101 |
0 |
|
|a rus
|
| 102 |
|
|
|a RU
|
| 105 |
|
|
|a a z 001zy
|
| 200 |
1 |
|
|a Биолокация: основы практики, истории и теории феномена
|f А. Г. Бакиров
|g Томский политехнический университет
|
| 210 |
|
|
|a Томск
|c Изд-во ТПУ
|d 2006
|
| 215 |
|
|
|a 310 с.
|c ил.
|
| 316 |
|
|
|5 63413507: КР-7608
|a На титульном листе дарственная надпись: "Дорогому Леониду Петровичу с благодарностью на добрую память. А. Бакиров"
|
| 317 |
|
|
|5 63413507: КР-7608
|a Поступил в НТБ в 2021 г. в дар от семьи профессора ТПУ Л. П. Рихванова
|
| 320 |
|
|
|a Библиогр.: с. 284-302
|
| 330 |
|
|
|a В книге даётся панорамное видение биолокации как научного направления. Широта охвата проблемы сочетается с глубиной её проработки, мировоззренческим акцентом на её сущность, и показом многообразия эффективного использования для решения различных практических задач биолокационного метода поиска, в процессе которого реализуется активная роль сознания и подсознания человека, его сверхчувственное восприятие и биополе. Обращено внимание на местонахождение биолокации в эниологической зоне взаимного наложения традиционных и нетрадиционных областей знания. Автор делится своим опытом биолокационных исследований, делая акцент на изучении патогенности среды обитания в связи с необходимостью выявления экологических рисков. Впервые в литературе по этой проблеме приводит материалы научно-технических семинаров по биолокации и освещает дискуссионные вопросы. В книге дано и обобщение опыта работы операторов нашей страны, показан современный уровень отечественной биолокации и способы её практического использования. Публикация предназначена для геологов, гидрогеологов, экологов и других специалистов, которые интересуются нетрадиционными областями знания и желают наиболее полно раскрыть свои способности в познании окружающего мира и его тайн.
|
| 606 |
1 |
|
|a Биолокация
|2 stltpush
|3 (RuTPU)RU\TPU\subj\39675
|9 59642
|
| 610 |
1 |
|
|a биолокационные эффекты
|
| 610 |
1 |
|
|a индикаторы
|
| 610 |
1 |
|
|a лозоходство
|
| 610 |
1 |
|
|a история
|
| 610 |
1 |
|
|a применение
|
| 610 |
1 |
|
|a кадры
|
| 610 |
1 |
|
|a подготовка
|
| 610 |
1 |
|
|a геология
|
| 610 |
1 |
|
|a гидрогеология
|
| 610 |
1 |
|
|a экология
|
| 610 |
1 |
|
|a быт
|
| 610 |
1 |
|
|a биополя
|
| 610 |
1 |
|
|a труды учёных ТПУ
|
| 610 |
1 |
|
|a Библиотека Л. П. Рихванова
|
| 610 |
1 |
|
|a дарственные надписи
|
| 610 |
1 |
|
|a дары автора
|
| 610 |
1 |
|
|a дары библиотеке
|
| 675 |
|
|
|a 550.87
|v 3
|
| 700 |
|
1 |
|a Бакиров
|b А. Г.
|c геолог
|c профессор Томского политехнического университета, доктор геолого-минералогических наук
|f 1915-2009
|g Александр Григорьевич
|2 stltpush
|3 (RuTPU)RU\TPU\pers\12439
|
| 712 |
0 |
2 |
|a Томский политехнический университет
|z 1991-
|2 stltpush
|3 (RuTPU)RU\TPU\col\376
|
| 801 |
|
1 |
|a RU
|b 63413507
|c 20070209
|g PSBO
|
| 801 |
|
2 |
|a RU
|b 63413507
|c 20220825
|g PSBO
|
| 942 |
|
|
|c BK
|